000 01021cam a22003014a 4500
001 12356296
003 ARRUPE
005 20140204171840.0
008 010323s2001 enkab 001 0 eng
010 _a 2001030820
020 _a0393020185
040 _aDLC
_cDLC
_dDLC
042 _apcc
050 0 0 _aGN289
_b.S94 2001
082 0 0 _a599.93/5
_221
100 1 _aSykes, Bryan.
_97897
245 1 4 _aThe seven daughters of Eve /
_cBryan Sykes.
260 _aLondon ;
_aNew York :
_bBantam Press,
_c2001.
300 _ax, 306 p. :
_bill., maps ;
_c24 cm.
500 _aIncludes index.
650 0 _aHuman population genetics.
_97898
650 0 _aHuman evolution.
_97899
650 0 _aWomen
_xAnthropometry.
_97900
650 0 _aEvolutionary genetics.
_97901
906 _a7
_bcbc
_corignew
_d1
_eocip
_f20
_gy-gencatlg
942 _2lcc
_cMONOGRAPH
999 _c119926
_d119926